Central Library OPAC University of Rajshahi

The wanderer / (Record no. 63391)

MARC details
000 -LEADER
fixed length control field 00838nam a2200277 a 4500
001 - CONTROL NUMBER
control field 63391
003 - CONTROL NUMBER IDENTIFIER
rucl marc code BD-RjUL
005 - DATE AND TIME OF LATEST TRANSACTION
control field 20211209081207.0
008 - FIXED-LENGTH DATA ELEMENTS--GENERAL INFORMATION
fixed length control field 170130s1969 enk b 001 0 eng d
020 ## - INTERNATIONAL STANDARD BOOK NUMBER
International Standard Book Number 0416129102
035 ## - SYSTEM CONTROL NUMBER
System control number (BD-RjUL)63520
System control number (OCoLC)49974
040 ## - CATALOGING SOURCE
Original cataloging agency DLC
Transcribing agency DLC
Modifying agency m.c
-- BD-RjUL
Language of cataloging eng
041 ## - LANGUAGE CODE
Language code of text/sound track or separate title eng
082 0# - DEWEY DECIMAL CLASSIFICATION NUMBER
Classification number 829.1
Author mark and year WAN 1969
245 04 - TITLE STATEMENT
Title The wanderer /
Statement of responsibility, etc. edited by T.P. Dunning and A.J. Bliss.
260 ## - PUBLICATION, DISTRIBUTION, ETC. (IMPRINT)
Place of publication, distribution, etc. London; New York :
Name of publisher, distributor, etc. Methuen; ACC,
Date of publication, distribution, etc. 1969.
300 ## - PHYSICAL DESCRIPTION
Pagination ix, 140 p. ;
Size 19 cm.
504 ## - BIBLIOGRAPHY, ETC. NOTE
Bibliography, etc Bibliography: p. [124]-127. and index
650 ## - SUBJECT ADDED ENTRY--TOPICAL TERM
Topical term or geographic name as entry element Epic poetry, English (Old)
9 (RLIN) 188372
700 1# - ADDED ENTRY--PERSONAL NAME
Personal name Dunning, Thomas Patrick.
Personal name Bliss, Alan,
Dates associated with a name 1921-1985.
830 #0 - SERIES ADDED ENTRY--UNIFORM TITLE
Uniform title Methuen's Old English library
942 ## - ADDED ENTRY ELEMENTS (KOHA)
Source of classification or shelving scheme Dewey Decimal Classification
Koha item type Books
Holdings
Lost status Source of classification or shelving scheme Damaged status Not for loan Collection code Permanent Location Current Location Shelving location Date acquired Source of acquisition Cost, normal purchase price Total Checkouts Full call number Date last seen Copy number Koha item type
  Dewey Decimal Classification   Not For Loan Non-fiction Central Library, University of Rajshahi Central Library, University of Rajshahi Reading Room 13/04/1974 Aligor library, Rajshahi 15.60   829.1 WAN 1969 30/01/2017 C-1 Books